00524 2200193 4500001002100000005001500021035002000036001002100056005001500077035002000092245008100112100002000193250001700213300002800230260003400258082001000292084001600302650001200318INLIS00000000000060620240823083409 a0010-0824000124INLIS00000000000047620240723060233 a0010-07240000311 aDongeng Pengantar Tidur :bAsal Mula Candi Roro Jonggrang /cTira Ikranegara0 aTira Ikranegara acetakan ke-1 a64 hlm :bIlus ;c21 cm aSurabaya :bSerba Jaya,c2008 a398.2 a398.2 TIR a 4aDongeng